<?xml version="1.0" encoding="UTF-8"?>
<record
    xmlns:xsi="http://www.w3.org/2001/XMLSchema-instance"
    xsi:schemaLocation="http://www.loc.gov/MARC21/slim http://www.loc.gov/standards/marcxml/schema/MARC21slim.xsd"
    xmlns="http://www.loc.gov/MARC21/slim">

  <leader>01133cam a2200193 a 4500</leader>
  <controlfield tag="003">OSt</controlfield>
  <controlfield tag="008">220207b           ||||| |||| 00| 0 eng d</controlfield>
  <datafield tag="020" ind1=" " ind2=" ">
    <subfield code="a">0824708865 (alk. paper)</subfield>
  </datafield>
  <datafield tag="082" ind1="0" ind2="0">
    <subfield code="a">620.106</subfield>
    <subfield code="b">CUR/FU</subfield>
  </datafield>
  <datafield tag="100" ind1="1" ind2=" ">
    <subfield code="a">Currie, Iain G.</subfield>
    <subfield code="9">5168</subfield>
  </datafield>
  <datafield tag="245" ind1="1" ind2="0">
    <subfield code="a">Fundamental mechanics of fluids /</subfield>
  </datafield>
  <datafield tag="250" ind1=" " ind2=" ">
    <subfield code="a">3rd ed.</subfield>
  </datafield>
  <datafield tag="260" ind1=" " ind2=" ">
    <subfield code="a">Boca Raton :</subfield>
    <subfield code="b">CRC Press,</subfield>
    <subfield code="c">c2006.</subfield>
  </datafield>
  <datafield tag="300" ind1=" " ind2=" ">
    <subfield code="a">xiv, 525 p. :</subfield>
    <subfield code="b">ill. ;</subfield>
  </datafield>
  <datafield tag="490" ind1="1" ind2=" ">
    <subfield code="a">Mechanical engineering ;</subfield>
  </datafield>
  <datafield tag="505" ind1=" " ind2=" ">
    <subfield code="a">Part I. Governing Equations              1. Basic Conservation Laws              2. Flow Kinematics              3. Special Forms of the Governing Equations  Part II. Ideal-Fluid Flow          4. Two-Dimensional Potential Flows            5. Three-Dimensional Potential Flows            6. Surface Waves  Part III. Viscous Flows of Incompressible Fluids         7. Exact Solutions          8. Low-Reynolds-Number Solutions          9. Boundary Layers        10. Buoyancy-Driven Flows Part IV. Compressible Flow of Inviscid Fluids        11. Shock Waves       12. One-Dimensional Flows         13. Multidimensional Flows  </subfield>
  </datafield>
  <datafield tag="650" ind1=" " ind2="0">
    <subfield code="a">Fluid mechanics.</subfield>
    <subfield code="9">163</subfield>
  </datafield>
  <datafield tag="942" ind1=" " ind2=" ">
    <subfield code="c">BK</subfield>
  </datafield>
  <datafield tag="999" ind1=" " ind2=" ">
    <subfield code="c">341163</subfield>
    <subfield code="d">341163</subfield>
  </datafield>
  <datafield tag="952" ind1=" " ind2=" ">
    <subfield code="0">0</subfield>
    <subfield code="1">0</subfield>
    <subfield code="4">0</subfield>
    <subfield code="7">0</subfield>
    <subfield code="8">NFIC</subfield>
    <subfield code="a">KAUAET</subfield>
    <subfield code="b">KAUAET</subfield>
    <subfield code="c">GEN</subfield>
    <subfield code="d">2013-03-30</subfield>
    <subfield code="e">Calicut Book Distributors</subfield>
    <subfield code="g">595.00</subfield>
    <subfield code="l">0</subfield>
    <subfield code="o">620.106 CUR/FU</subfield>
    <subfield code="p">KAU_KCAEFT-23703</subfield>
    <subfield code="r">2025-09-03 00:00:00</subfield>
    <subfield code="w">2013-04-06</subfield>
    <subfield code="y">BK</subfield>
  </datafield>
</record>
